Aplikácia štatistického preberania pri vstupnej kontrole vo vybranom podniku

Gespeichert in:
Bibliographische Detailangaben
1. Verfasser: Radoská, Lýdia, 1986- (Verfasst von)
Weitere Verfasser: Lestyánszka Škůrková, Katarína (Betreuung Doktorarbeit)
Format: Manuskript Buch
Sprache:Slowakisch
Veröffentlicht: Trnava : STU v Bratislave MTF UMAT, 2013
Schlagworte:
Online-Zugang:VAIS
Tags: Tag hinzufügen
Keine Tags, Fügen Sie das erste Tag hinzu!

MARC

LEADER 00000ntm a22000003a 4500
001 stu269038
005 20150617230246.9
008 130621s2013----xo------------------slo-d
040 |a STU  |b slo 
041 0 |a slo 
044 |a xo 
100 1 |a Radoská, Lýdia,  |d 1986-  |4 aut  |u M  |T MTF Materiálovotechnologická fakulta  |X 7340  |U M  |Y 60  |7 A000007340 
242 0 0 |a The application of statistical acceptance at the incoming control in the company  |y eng 
245 1 |a Aplikácia štatistického preberania pri vstupnej kontrole vo vybranom podniku 
260 |a Trnava :  |b STU v Bratislave MTF UMAT,  |c 2013 
650 7 |a kontrola  |2 stusub 
650 7 |a preberací plán  |2 stusub 
650 7 |a Engineering of Production Quality  |2 estusub 
700 1 |a Lestyánszka Škůrková, Katarína  |4 ths  |u M4000  |U MTF Materiálovotechnologická fakulta  |T MTF Ústav priemyselného inžinierstva a manažmentu  |X 61397  |U M4000  |Y 84  |7 61397 
856 4 |a info a plný text  |u http://is.stuba.sk/zp/portal_zp.pl?podrobnosti=80261  |3 VAIS 
996 |c M*DP-11244  |l MMSKP  |s P  |a 0  |w stu269038_0001